E-mail marketing

Elmentve itt :
Bibliográfiai részletek
Szerző: Balaton Ádám
További közreműködők: Révész Balázs (Témavezető)
Dokumentumtípus: Szakdolgozat
Megjelent: 2004
Tárgyszavak:
Online Access:http://diploma.bibl.u-szeged.hu/31491
LEADER 00508nta a2200157 i 4500
001 dipl31491
005 20130314091758.0
008 110704s2004 hu om 0|| zxx d
040 |a SZTE Diploma Repozitórium  |b hun 
041 |a zxx 
100 1 |a Balaton Ádám 
245 1 0 |a E-mail marketing  |h [elektronikus dokumentum] /  |c Ádám Balaton 
260 |c 2004 
650 4 |a Gazdaságtudományok 
700 1 |a Révész Balázs  |e ths 
856 4 0 |u http://diploma.bibl.u-szeged.hu/id/eprint/31491/1/szakdolgozat.pdf  |z Dokumentum-elérés